<?xml version="1.0" encoding="UTF-8"?>
<record
    xmlns:xsi="http://www.w3.org/2001/XMLSchema-instance"
    xsi:schemaLocation="http://www.loc.gov/MARC21/slim http://www.loc.gov/standards/marcxml/schema/MARC21slim.xsd"
    xmlns="http://www.loc.gov/MARC21/slim">

  <leader>01531nab a2200253   4500</leader>
  <controlfield tag="003">AR-RoBPED</controlfield>
  <controlfield tag="005">20260408113821.0</controlfield>
  <controlfield tag="008">260408b        |||||||| |||| 00| 0 spa d</controlfield>
  <datafield tag="040" ind1=" " ind2=" ">
    <subfield code="a">AR-RoBPED</subfield>
  </datafield>
  <datafield tag="041" ind1=" " ind2=" ">
    <subfield code="a">spa</subfield>
  </datafield>
  <datafield tag="100" ind1="1" ind2=" ">
    <subfield code="a">Reboredo, Gabriela</subfield>
    <subfield code="9">30729</subfield>
    <subfield code="e">Psicopedagog&#xED;a y docente de Nivel Inicial</subfield>
  </datafield>
  <datafield tag="245" ind1=" " ind2=" ">
    <subfield code="a">Condiciones institucionales que propician la inclusi&#xF3;n. </subfield>
    <subfield code="b">&#xBF;"Qu&#xE9; hacemos con los bollitos?"</subfield>
  </datafield>
  <datafield tag="260" ind1=" " ind2=" ">
    <subfield code="a">Buenos Aires :</subfield>
    <subfield code="b">Noveduc,</subfield>
    <subfield code="c">2025</subfield>
  </datafield>
  <datafield tag="300" ind1=" " ind2=" ">
    <subfield code="a">50-53 p.</subfield>
  </datafield>
  <datafield tag="500" ind1=" " ind2=" ">
    <subfield code="a">Las autoras, desde el Equipo de Orientaci&#xF3;n de los talleres infantiles del Instituto Vocacional de Arte de la Ciudad de Buenos Aires., observan que muchos ni&#xF1;os que necesitan apoyo personalizado para desempa&#xF1;arse en un entorno escolar formal, al ingresar al instituto, ya no lo requieren. Desde all&#xED; analizan aquellas condiciones que favorecen su inclusi&#xF3;n y, recurriendo al bollito de papel como met&#xE1;fora, se preguntan: "&#xBF;Qu&#xE9; lugar ofertamos para que 'bollitos' y 'papeles estirados' sean parte de una trama com&#xFA;n, sin necesidad de uniformarlxs?"</subfield>
  </datafield>
  <datafield tag="650" ind1=" " ind2="7">
    <subfield code="a">INCLUSION EDUCATIVA</subfield>
    <subfield code="9">19761</subfield>
  </datafield>
  <datafield tag="650" ind1=" " ind2="7">
    <subfield code="a">NI&#xD1;OS</subfield>
    <subfield code="9">62</subfield>
  </datafield>
  <datafield tag="650" ind1=" " ind2="7">
    <subfield code="a">PARTICIPACION</subfield>
    <subfield code="9">12858</subfield>
  </datafield>
  <datafield tag="650" ind1=" " ind2="0">
    <subfield code="a">TRAYECTORIAS EDUCATIVAS </subfield>
    <subfield code="9">28187</subfield>
  </datafield>
  <datafield tag="700" ind1="1" ind2=" ">
    <subfield code="a">Merdjan, Carolina</subfield>
    <subfield code="9">30730</subfield>
    <subfield code="e">Licenciada en Psicopedagog&#xED;a y profesora para la Ense&#xF1;anza Preescolar</subfield>
  </datafield>
  <datafield tag="773" ind1="0" ind2=" ">
    <subfield code="0">20414</subfield>
    <subfield code="9">41867</subfield>
    <subfield code="d">Buenos Aires :  Noveduc,  1993-</subfield>
    <subfield code="t">Novedades Educativas</subfield>
    <subfield code="w">(AR-RoBPED)20414</subfield>
    <subfield code="x">03283534</subfield>
  </datafield>
  <datafield tag="942" ind1=" " ind2=" ">
    <subfield code="2">udc</subfield>
    <subfield code="c">REV</subfield>
    <subfield code="h">37(05)</subfield>
    <subfield code="m">Nov 86 N&#xB0; 400 (Febr.2025)</subfield>
    <subfield code="a">k.32527</subfield>
  </datafield>
  <datafield tag="945" ind1=" " ind2=" ">
    <subfield code="a">mar 04/2026</subfield>
  </datafield>
  <datafield tag="999" ind1=" " ind2=" ">
    <subfield code="c">32527</subfield>
    <subfield code="d">32527</subfield>
  </datafield>
</record>
